LEADER 01851nam 2200553 a 450 001 9910450525103321 005 20200520144314.0 010 $a0-8070-6242-1 035 $a(CKB)1000000000008116 035 $a(OCoLC)70763636 035 $a(CaPaEBR)ebrary5001911 035 $a(SSID)ssj0000262515 035 $a(PQKBManifestationID)11232577 035 $a(PQKBTitleCode)TC0000262515 035 $a(PQKBWorkID)10270902 035 $a(PQKB)10012796 035 $a(MiAaPQ)EBC3117951 035 $a(Au-PeEL)EBL3117951 035 $a(CaPaEBR)ebr5001911 035 $a(OCoLC)922967901 035 $a(EXLCZ)991000000000008116 100 $a20010209d2001 uy 0 101 0 $aeng 135 $aurcn||||||||| 181 $ctxt 182 $cc 183 $acr 200 12$aA troubled guest$b[electronic resource] $elife and death stories /$fNancy Mairs 210 $aBoston $cBeacon Press$dc2001 215 $a1 online resource (206 p.) 300 $aBibliographic Level Mode of Issuance: Monograph 311 $a0-8070-6248-0 320 $aIncludes bibliographical references (p. 193-195). 327 $aA necessary end -- Death with father -- I enter orphanhood -- Aftermath -- Regrets, revision, release -- Lost children -- The death of the other -- Reflections on an anniversary -- Nicey Nancy and the bad buffaloes -- Ron her son, coda. 606 $aAuthors, American$y20th century$vBiography 606 $aDeath$xPsychological aspects 608 $aElectronic books. 615 0$aAuthors, American 615 0$aDeath$xPsychological aspects. 676 $a818/.5409 676 $aB 700 $aMairs$b Nancy$f1943-$0951709 801 0$bMiAaPQ 801 1$bMiAaPQ 801 2$bMiAaPQ 906 $aBOOK 912 $a9910450525103321 996 $aA troubled guest$92151509 997 $aUNINA LEADER 01016nam0-2200325 --450 001 9910744991303321 005 20231031104603.0 100 $a20231017d1943----kmuy0itay5050 ba 101 $aita 102 $aIT 105 $a 001yy 200 1 $aCaratteri e modi della cultura araba 210 $aRoma$cReale Accademia d'Italia$d1943 215 $a242 p.$d26 cm 225 1 $aConferenze e letture del Centro studi per il Vicino Oriente$v2$aCentro studi per il Vicino Oriente$3IT\ICCU\MILV\146880 610 0 $aLetteratura araba$aStoria 610 0 $aArabi$aCultura 610 0 $aIslamismo$aFilosofia$aOrigini-1943 610 0 $aCultura araba$aSaggi 610 0 $aCultura araba$aStoria 610 0 $aCIVILTA ARABA 676 $a306.0917$v6 702 1$aGuidi,$bMichelangelo 801 0$aIT$bUNINA$gREICAT$2UNIMARC 901 $aBK 912 $a9910744991303321 952 $aDFT G30 GUIM 01 (2)$fFLFBC 959 $aFLFBC 996 $aCaratteri e modi della cultura araba$93570085 997 $aUNINA